000 00566 a2200205 4500
001 62197
005 20260407155915.0
008 260407a1969 arg spa d
003 AR-UNSa-BCEJYS
040 _aAR-UNSa-BCEJYS
_bspa
_cAR-UNSa-BCEJYS
080 _a331.105.44
_xOrganizaciones de empleados. Sindicatos
245 1 0 _aManual de derecho sindical
250 _a2a. ed.
264 1 _aBuenos Aires :
_bLa Ley
_c1969
300 _a337 p.
_c22 cm.
041 _aspa
942 _cBK
590 _aniveau_biblio:m niveau_hierar:0
100 1 _aNĂ¡poli, Rodolfo A.
999 _c7596
_d7596